[Event "Sueca op 7th"]
[Site "Sueca"]
[Date "2023.08.12"]
[Round "7"]
[White "Moreno Torralba, David"]
[Black "Gonzalez Lopez, Lucas I"]
[Result "1/2-1/2"]
[WhiteElo "2107"]
[BlackElo "1824"]
[PlyCount "140"]
[EventDate "2023.08.07"]
[EventType "swiss"]
[EventRounds "9"]
[EventCountry "ESP"]
[SourceTitle "CBM 215 Extra"]
[Source "ChessBase"]
[SourceDate "2023.09.30"]
[SourceVersion "1"]
[SourceVersionDate "2023.09.30"]
[SourceQuality "1"]

1. d4 Nf6 2. Bg5 g6 3. Bxf6 exf6 4. c4 Bg7 5. Nc3 0-0 6. e3 c6 7. Nge2 d6 8. Nf4 Nd7 9. h4 h6 10. Be2 f5 11. g3 Nf6 12. Qc2 Qe7 13. 0-0-0 a6 14. Bf3 Qd8 15. Rhe1 Qa5 16. Qa4 Qxa4 17. Nxa4 Ne4 18. Nb6 Rb8 19. Nd3 Be6 20. Rg1 h5 21. Rdf1 Rfe8 22. Nf4 Bc8 23. Bd1 Nf6 24. Bb3 Kf8 25. Rd1 Ng4 26. Rd2 Nf6 27. Rf1 Ng4 28. Bd1 Nf6 29. Bc2 Kg8 30. Rfd1 Kf8 31. a3 Kg8 32. c5 d5 33. Bd3 Ne4 34. Re2 Bh6 35. Rde1 Kh8 36. Kc2 Kg8 37. Rg1 Bg7 38. Rg2 Nf6 39. Rg1 Ng4 40. Rg2 Kf8 41. Kd2 Nf6 42. f3 Kg8 43. Rg1 Bh6 44. b4 Bg7 45. Ra1 Nd7 46. a4 Nxb6 47. cxb6 Ra8 48. a5 Bd7 49. Rb1 Rab8 50. Ree1 Rec8 51. Bf1 Re8 52. Bh3 Red8 53. Bf1 Re8 54. Nd3 Red8 55. Rbc1 Bc8 56. Be2 Re8 57. Bd1 Rd8 58. Bb3 Re8 59. Rc3 Rd8 60. Rec1 Ra8 61. Nc5 Kf8 62. Ba4 Rb8 63. Ke2 Kg8 64. Kf2 Kf8 65. Nd3 Kg8 66. Nf4 Bf8 67. Rb1 Bg7 68. Rd1 Bf8 69. Nd3 Bg7 70. Nf4 Bf8 1/2-1/2

[Event "Sueca op 7th"]
[Site "Sueca"]
[Date "2023.08.08"]
[Round "2"]
[White "Carles Montaner, Ismael"]
[Black "Moreno Torralba, David"]
[Result "0-1"]
[WhiteElo "1794"]
[BlackElo "2107"]
[PlyCount "136"]
[EventDate "2023.08.07"]
[EventType "swiss"]
[EventRounds "9"]
[EventCountry "ESP"]
[SourceTitle "CBM 215 Extra"]
[Source "ChessBase"]
[SourceDate "2023.09.30"]
[SourceVersion "1"]
[SourceVersionDate "2023.09.30"]
[SourceQuality "1"]

1. e4 c5 2. Nf3 Nc6 3. Nc3 d6 4. d4 cxd4 5. Nxd4 Nf6 6. Be2 e5 7. Nb3 Be6 8. Be3 Be7 9. Qd2 0-0 10. 0-0 a6 11. Rad1 Rc8 12. f3 Nb8 13. f4 Nbd7 14. fxe5 Nxe5 15. Bd4 Nfd7 16. Be3 Nb6 17. Bxb6 Qxb6+ 18. Qd4 Qc7 19. Kh1 Rfd8 20. Qf2 Bf8 21. Rd2 g6 22. Nd5 Bxd5 23. exd5 Bh6 24. c3 Bxd2 25. Nxd2 Qe7 26. h4 Nd7 27. Bg4 f5 28. Bf3 Re8 29. Qg3 Qe5 30. Qh3 Qf4 31. Nb3 Re3 32. Nd4 Nf8 33. h5 Rce8 34. hxg6 hxg6 35. g3 Qe5 36. Kg2 Re1 37. Rf2 Qh8 38. a3 R8e7 39. Qxh8+ Kxh8 40. Rc2 R7e5 41. c4 g5 42. Kf2 g4 43. Bg2 Rd1 44. Ne2 Nd7 45. b4 b6 46. Nf4 Kg8 47. Rc3 Rd2+ 48. Kf1 a5 49. bxa5 bxa5 50. Rb3 Re8 51. Rb5 a4 52. Ne6 Rc2 53. Rb7 Rb8 54. Rxb8+ Nxb8 55. Nd4 Rxc4 56. Nxf5 Rc3 57. Nxd6 Rxa3 58. Nc4 Rxg3 59. d6 Rd3 60. Ke2 Rd4 61. Ke3 Rd1 62. Ke2 Rc1 63. Kd2 Rg1 64. Be4 Kf8 65. Bf5 g3 66. Ke2 Rc1 67. Ne3 a3 68. Be6 g2 0-1

[Event "Alzira Christmas 5th"]
[Site "Alzira"]
[Date "2015.12.30"]
[Round "6.8"]
[White "Pallas i Garrido, Ernest Josep"]
[Black "Moreno Torralba, David"]
[Result "1/2-1/2"]
[WhiteElo "1799"]
[BlackElo "2037"]
[PlyCount "97"]
[EventDate "2015.12.28"]
[EventType "swiss"]
[EventRounds "7"]
[EventCountry "ESP"]
[SourceTitle "EXT 2024"]
[Source "ChessBase"]
[SourceDate "2023.10.10"]
[SourceVersion "1"]
[SourceVersionDate "2023.10.10"]
[SourceQuality "1"]

1. e4 e6 2. d3 d5 3. Nd2 Nf6 4. Ngf3 Nc6 5. e5 Ng4 6. d4 Nh6 7. c3 f6 8. Qe2 Be7 9. g3 fxe5 10. Nxe5 Nxe5 11. Qxe5 0-0 12. Bh3 Bd6 13. Qh5 Qf6 14. 0-0 b6 15. f4 c5 16. Nf3 cxd4 17. cxd4 Nf5 18. Bxf5 Qxf5 19. Qxf5 exf5 20. Re1 Bd7 21. Bd2 Rfc8 22. Rac1 Rxc1 23. Rxc1 Rc8 24. Rxc8+ Bxc8 25. Ne5 a5 26. a3 Bc7 27. Kf2 Ba6 28. Ke3 Bb5 29. Bc3 Bd6 30. Bd2 g6 31. Bc3 Kg7 32. Bd2 h6 33. Kf3 Kf6 34. h4 Be8 35. Kf2 Bc7 36. Kf3 Ke6 37. Bc3 Ke7 38. Bd2 Kd8 39. Bc3 Bd6 40. Bd2 Kc8 41. Bc3 Kb7 42. Ke3 Ka6 43. Kd2 Kb5 44. Kc2 Ka6 45. Kb3 a4+ 46. Kc2 Kb5 47. Kd3 Be7 48. Bd2 Bd6 49. Bc3 1/2-1/2

[Event "Xeraco Region-ch"]
[Site "Xeraco"]
[Date "2015.11.14"]
[Round "6.5"]
[White "Ferrer Berenguer, Ligorio"]
[Black "Moreno Torralba, David"]
[Result "1-0"]
[WhiteElo "2043"]
[BlackElo "2065"]
[PlyCount "115"]
[EventDate "2015.10.03"]
[EventType "swiss"]
[EventRounds "7"]
[EventCountry "ESP"]
[SourceTitle "EXT 2024"]
[Source "ChessBase"]
[SourceDate "2023.10.10"]
[SourceVersion "1"]
[SourceVersionDate "2023.10.10"]
[SourceQuality "1"]

1. e4 c5 2. Nc3 Nc6 3. g3 Nf6 4. Bg2 e6 5. Nh3 Be7 6. 0-0 0-0 7. f4 d6 8. d3 Rb8 9. Re1 b5 10. Nf2 b4 11. Ne2 Bd7 12. g4 e5 13. f5 Ne8 14. Nh3 h6 15. Be3 Nf6 16. Ng3 Nh7 17. Rf1 Ng5 18. Nf2 Nh7 19. Nh3 Ng5 20. Nh5 Nxh3+ 21. Bxh3 Bg5 22. Qd2 Bxe3+ 23. Qxe3 Qg5 24. Qxg5 hxg5 25. Rf2 f6 26. Bf1 Be8 27. Ng3 Kf7 28. Be2 Ke7 29. Bd1 Bf7 30. c3 Rb6 31. Nh5 Bxh5 32. gxh5 bxc3 33. bxc3 Na5 34. Bg4 Rfb8 35. Rd1 Rb1 36. Kg2 R1b2 37. Rfd2 Rxd2+ 38. Rxd2 Kd7 39. Bd1 Kc7 40. Kg3 Rb1 41. Kg4 Rc1 42. c4 Nc6 43. h6 gxh6 44. Kh5 Rb1 45. Kg6 Nb4 46. Kxf6 Nxa2 47. Rxa2 Rxd1 48. Rxa7+ Kc6 49. Ke7 Rd2 50. f6 Rxh2 51. f7 Rf2 52. f8Q Rxf8 53. Kxf8 g4 54. Rh7 Kb6 55. Rxh6 Ka5 56. Rg6 Kb4 57. Rxg4 Kc3 58. Rg3 1-0

[Event "Provincial-ch Valencia"]
[Site "Valencia"]
[Date "2012.11.24"]
[Round "7"]
[White "Crecente Penalba, Jose Manuel"]
[Black "Moreno Torralba, David"]
[Result "1/2-1/2"]
[WhiteElo "2112"]
[BlackElo "2074"]
[PlyCount "21"]
[EventDate "2012.10.06"]
[EventType "swiss"]
[EventRounds "7"]
[EventCountry "ESP"]
[SourceTitle "EXT 2024"]
[Source "ChessBase"]
[SourceDate "2023.10.10"]
[SourceVersion "1"]
[SourceVersionDate "2023.10.10"]
[SourceQuality "1"]

1. d4 d5 2. Nf3 Nf6 3. e3 Bg4 4. c4 c6 5. Nc3 e6 6. Bd3 Nbd7 7. 0-0 Bd6 8. cxd5 exd5 9. Bd2 0-0 10. Qc2 Qc7 11. h3 1/2-1/2

[Event "ESP-ch Universities"]
[Site "Alicante"]
[Date "2011.05.09"]
[Round "2"]
[White "Rabadan Velasco, Raul"]
[Black "Moreno Torralba, David"]
[Result "1-0"]
[WhiteElo "2353"]
[BlackElo "2115"]
[PlyCount "61"]
[EventDate "2011.05.09"]
[EventType "team-swiss"]
[EventRounds "9"]
[EventCountry "ESP"]
[SourceTitle "CBM 142 Extra"]
[Source "ChessBase"]
[SourceDate "2011.06.27"]
[SourceVersion "1"]
[SourceVersionDate "2011.06.27"]
[SourceQuality "1"]

1. d4 Nf6 2. c4 e6 3. Nf3 Bb4+ 4. Nbd2 0-0 5. a3 Be7 6. e4 d5 7. e5 Ne4 8. Be2 dxc4 9. Bxc4 c6 10. Qc2 b6 11. g4 Nxd2 12. Bxd2 h6 13. Qe4 Ba6 14. Bb3 Bg5 15. h4 Re8 16. Nxg5 hxg5 17. Qf3 gxh4 18. g5 Kf8 19. Qg4 Kg8 20. Qxh4 Kf8 21. Bb4+ c5 22. dxc5 Nc6 23. cxb6+ Nxb4 24. Qxb4+ Kg8 25. Qh4 Kf8 26. Qh8+ Ke7 27. Qxg7 Qxb6 28. Qf6+ Kd7 29. Qxf7+ Kc6 30. Rc1+ Kb5 31. Qd7+ 1-0

[Event "La Roda op 38th"]
[Site "La Roda"]
[Date "2011.04.21"]
[Round "3"]
[White "Moreno Torralba, David"]
[Black "Anton Guijarro, David"]
[Result "0-1"]
[WhiteElo "2102"]
[BlackElo "2425"]
[PlyCount "80"]
[EventDate "2011.04.20"]
[EventType "swiss"]
[EventRounds "9"]
[EventCountry "ESP"]
[SourceTitle "EXT 2012"]
[Source "ChessBase"]
[SourceDate "2011.11.24"]
[SourceVersion "1"]
[SourceVersionDate "2011.11.24"]
[SourceQuality "1"]

1. d4 Nf6 2. Nf3 e6 3. c4 Bb4+ 4. Bd2 Qe7 5. g3 Nc6 6. Bg2 Bxd2+ 7. Nbxd2 d6 8. 0-0 a5 9. e4 e5 10. d5 Nb8 11. Ne1 h5 12. Nd3 h4 13. b3 Na6 14. a3 hxg3 15. hxg3 Bg4 16. f3 Bd7 17. Qe1 b5 18. cxb5 Bxb5 19. Nc4 a4 20. Qa5 Rb8 21. Rfc1 Nd7 22. bxa4 Bxc4 23. Rxc4 Ndc5 24. Nxc5 Nxc5 25. Rb4 0-0 26. Rab1 Ra8 27. Qb5 Qg5 28. Kh2 g6 29. Qe2 Kg7 30. Bh3 Rh8 31. Kg2 Nxa4 32. Rc4 Nc5 33. Rc3 Ra4 34. Qe3 Qh5 35. Rh1 Rd4 36. Kf2 Rb8 37. Qe2 Qg5 38. Rd1 Rb2 39. Qxb2 Rxd1 40. Ke2 Na4 0-1

[Event "Cullera Bahia op 15th"]
[Site "Cullera"]
[Date "2009.07.24"]
[Round "4"]
[White "Molina, Jorge"]
[Black "Moreno Torralba, David"]
[Result "1/2-1/2"]
[WhiteElo "2129"]
[BlackElo "2010"]
[PlyCount "51"]
[EventDate "2009.07.21"]
[EventType "swiss"]
[EventRounds "9"]
[EventCountry "ESP"]
[SourceTitle "EXT 2010"]
[Source "ChessBase"]
[SourceDate "2010.11.25"]
[SourceVersion "1"]
[SourceVersionDate "2010.11.25"]
[SourceQuality "1"]

1. Nf3 Nf6 2. c4 e6 3. Nc3 b6 4. g3 Bb7 5. Bg2 c5 6. 0-0 Be7 7. d4 cxd4 8. Qxd4 a6 9. Rd1 d6 10. Bg5 Nbd7 11. Rac1 0-0 12. e4 Qc7 13. Bxf6 Nxf6 14. e5 dxe5 15. Qxe5 Rac8 16. Qxc7 Rxc7 17. Ne5 Bxg2 18. Kxg2 Rb8 19. a4 Kf8 20. Rd3 Ke8 21. Rcd1 Rbb7 22. b3 Nd7 23. Nxd7 Rxd7 24. Kf3 Rxd3+ 25. Rxd3 Rd7 26. Ke2 1/2-1/2

[Event "Valencia Autonomico Sur-A"]
[Site "Valencia"]
[Date "2009.02.07"]
[Round "5.5"]
[White "Bas Mas, Jose Joaquin"]
[Black "Moreno Torralba, David"]
[Result "1-0"]
[WhiteElo "1966"]
[BlackElo "2019"]
[PlyCount "61"]
[EventDate "2009.01.10"]
[EventType "team-tourn"]
[EventRounds "5"]
[EventCountry "ESP"]
[SourceTitle "EXT 2011"]
[Source "ChessBase"]
[SourceDate "2010.11.26"]
[SourceVersion "1"]
[SourceVersionDate "2010.11.26"]
[SourceQuality "1"]

1. e4 g6 2. d4 Bg7 3. f4 d5 4. e5 Nh6 5. Nf3 0-0 6. Bd3 Bg4 7. 0-0 f6 8. c3 Bxf3 9. Rxf3 e6 10. Nd2 Nd7 11. b4 c6 12. a4 b6 13. Ba3 fxe5 14. fxe5 Qg5 15. Qe2 Nf5 16. Bxf5 Rxf5 17. Raf1 Rxf3 18. Nxf3 Qe7 19. Bc1 Qe8 20. Qa6 h6 21. Be3 c5 22. bxc5 bxc5 23. dxc5 Nxe5 24. Nxe5 Bxe5 25. Bxh6 Bg7 26. Bxg7 Kxg7 27. Qb7+ Kg8 28. c6 Rc8 29. Rf7 Qxf7 30. Qxc8+ Kg7 31. Qd7 1-0

[Event "Cullera op-A"]
[Site "Cullera"]
[Date "2006.07.24"]
[Round "3"]
[White "Moreno Torralba, David"]
[Black "Moreno Carrascosa, Bartolome"]
[Result "1/2-1/2"]
[WhiteElo "2019"]
[BlackElo "2196"]
[PlyCount "38"]
[EventDate "2006.07.20"]
[EventType "swiss"]
[EventRounds "9"]
[EventCountry "ESP"]
[SourceTitle "EXT 2007"]
[Source "ChessBase"]
[SourceDate "2006.11.23"]
[SourceVersion "1"]
[SourceVersionDate "2006.11.23"]
[SourceQuality "1"]

1. d4 d5 2. c4 e6 3. Nf3 Nf6 4. Nc3 Be7 5. Bg5 0-0 6. e3 Nbd7 7. cxd5 Nxd5 8. Bxe7 Qxe7 9. Bd3 Nxc3 10. bxc3 c5 11. Qc2 h6 12. 0-0 b6 13. a4 Bb7 14. Be4 Nf6 15. Bxb7 Qxb7 16. Ne5 Rac8 17. Qb2 Qc7 18. a5 bxa5 19. Qb5 Ne4 1/2-1/2